| 000 | 00869nam a2200241 i 4500 | ||
|---|---|---|---|
| 001 | 115207 | ||
| 003 | ES-MaACL | ||
| 005 | 20250918175735.0 | ||
| 007 | t| | ||
| 008 | 070226s1908 sp ||||1| spa d | ||
| 080 | _a821.134.2-32"19" | ||
| 100 | 1 |
_aMartínez Sierra, Gregorio, _d1881-1947 _978429 |
|
| 245 | 1 | 0 |
_aTorre de marfil : _bnovela / _cde G. Martínez Sierra ; ilustraciones de A. Lozano. |
| 260 |
_aMadrid : _bEl Cuento Semanal, _c1908. |
||
| 300 |
_a20 p. : _bil. ; _c26 cm. |
||
| 490 | 1 |
_aEl cuento semanal ; _v73 |
|
| 594 | _aObra en colaboración entre Gregorio Martínez Sierra y María Lejárraga (María Martínez Sierra) | ||
| 700 | 1 |
_aMartínez Sierra, María, _d1874-1974 _978430 |
|
| 700 | 1 |
_aLozano Sidro, Adolfo, _d1872-1935 _974469 |
|
| 830 | 1 | 3 |
_aEl cuento semanal _v73 _9185957 |
| 852 | 4 |
_aES-MaACL _jG-4441(21) |
|
| 999 |
_c115207 _d115207 |
||